| 000 | 00518nam a2200181Ia 4500 | ||
|---|---|---|---|
| 001 | 15951 | ||
| 005 | 20260306170233.0 | ||
| 008 | 260306t2024||||xx |||||||||||||| ||und|| | ||
| 041 | _aESP | ||
| 082 |
_a620.86 _bB164 |
||
| 100 |
_aBohórquez Quito, Melissa, _eAUT |
||
| 245 | 0 |
_aSistema de gestión de seguridad y salud en el trabajo : _banálisis de casos desde un enfoque interdisciplinario |
|
| 260 | _c2024 | ||
| 300 |
_a334 páginas : _c25 cm. |
||
| 650 | _aGEN | ||
| 654 | _aCII | ||
| 942 |
_cLIB _dJUS _fJUS _2ddc _n |
||
| 999 |
_c15951 _d15951 |
||